Top 20 U.S. States By Song Lyric Mentions - Statistics

General Stats
  • This quiz has been taken 24 times
  • The average score is 17 of 20
Answer Stats
Hint Answer % Correct
5,911 New York
100%
3,259 California
95%
596 Florida
95%
2,783 Texas
95%
785 Alabama
91%
1,454 Georgia
91%
1,587 Mississippi
91%
511 Virginia
91%
592 Arizona
86%
601 Illinois
86%
1,364 Kentucky
86%
587 Ohio
86%
414 Kansas
82%
393 Michigan
82%
1,700 Tennessee
82%
684 Louisiana
77%
682 Nevada
77%
466 Oklahoma
77%
338 Montana
73%
419 Arkansas
64%
No matching quizzes found
Score Distribution
Percent of People with Each Score
Percentile by Number Answered
Your Score History
You have not taken this quiz